Statistics for Most Viewed Albums on Wikipedia

Click here to take the quiz!

General Stats

  • This quiz has been taken 313 times
  • The average score is 12 of 30

Answer Stats

ViewsArtistAlbum% Correct
15 mMichael JacksonThriller
86%
13 mThe BeatlesAbbey Road
75%
15 mPink FloydThe Dark Side of the Moon
75%
11 mAdele21
71%
16 mThe BeatlesSgt. Pepper's Lonely Hearts Club Band
63%
10 mNirvanaNevermind
62%
7.9 mEaglesHotel California
56%
13 mPink FloydThe Wall
56%
8.3 mThe BeatlesLet It Be
51%
7.6 mTaylor SwiftRed
49%
13 mThe BeatlesThe Beatles
42%
7.8 mTaylor Swift1989
41%
7.8 mKanye WestGraduation
39%
8.7 mLed ZeppelinLed Zeppelin IV
39%
10 mEminemThe Marshall Mathers LP
35%
13 mKanye WestMy Beautiful Dark Twisted Fantasy
34%
8.1 mThe BeatlesRubber Soul
34%
7.4 mKanye WestYeezus
31%
7.8 mMetallicaMetallica
29%
7.4 mPink FloydWish You Were Here
29%
9.4 mJay Z & Kanye WestWatch the Throne
28%
7.8 mEminemThe Eminem Show
26%
7.6 mKendrick LamarGood Kid, M.A.A.D City
24%
7.6 mTaylor SwiftFearless
23%
15 mEminemRecovery
23%
8.0 mEminemThe Slim Shady LP
22%
7.9 mKaty PerryTeenage Dream
20%
7.4 mLinkin ParkHybrid Theory
17%
8.6 mKanye West808s & Heartbreaks
6%
7.4 mRihannaLoud
6%

Score Distribution

Percentile by Number Answered

Percent of People with Each Score

Your Score History

You have not taken this quiz